[Event "8th Ali Ipek Tournament 2020"]
[Site "Ankara"]
[Date "2020.03.08"]
[Round "6.5"]
[White "Akin, Yagiz Cinar"]
[Black "Ersahince, Umut Utku"]
[Result "1/2-1/2"]
[WhiteElo "1861"]
[BlackElo "1645"]
[Annotator "NA"]
[PlyCount "59"]
[EventDate "2020.03.04"]
[EventType "swiss"]
[EventCountry "TUR"]
[SourceTitle "playchess.com"]
[Source "ChessBase"]
[SourceQuality "1"]
[TimeControl "5400+30"]

{[%evp 11,53,13,42,38,32767,32767,32767,32767,32767,32767,32767,-34,-35,-35,-19,0,-12,0,0,-31,32767,-65,-63,-75,-43,-42,0,0,0,32767,4,-23,0,-8,32767,6,32767,-33,32767,-32,32767,32767,32767,-28]} 1. e4 {[%emt 0:00:30]} e5 {[%emt 0:00:30]} 2. Nf3 {[%emt 0:00:30]} Nc6 {[%emt 0:00:00]} 3. Bc4 {[%emt 0:00:00]} Bc5 {[%emt 0:00:00]} 4. O-O {[%emt 0:00:00]} Nf6 {[%emt 0:00:30]} 5. d3 {[%emt 0:00:00]} O-O {[%emt 0:00:00]} 6. c3 {[%emt 0:00:00]} d5 {[%emt 0:00:00]} 7. exd5 {[%emt 0:00:30]} Nxd5 {[%emt 0:00:00]} 8. b4 {[%emt 0:03:30]} Be7 {[%emt 0:00:00] C54: Giuoco Piano: 4 c3 Nf6, main lines with 5 d4 and 5 d3.} 9. b5 {[%emt 0:05:30]} Na5 {[%emt 0:00:30]} 10. Bxd5 {[%emt 0:00:30] 10.Bxd5 is better than 10.Nxe5.} Qxd5 {[%emt 0:00:00]} 11. c4 {[%emt 0:00:00]} Qd7 {[%emt 0:01:00]} 12. Nc3 {[%emt 0:04:00]} c6 {[%emt 0:12:30]} 13. bxc6 {[%emt 0:00:30] [#]} ({Reject} 13. Nxe5 Qd4 $17) 13... bxc6 $146 {[%emt 0:02:30]} ({Predecessor:} 13... Nxc6 14. Nd5 Bd6 15. Bb2 Qf5 16. Re1 Re8 17. Qd2 Be6 18. Re4 f6 19. Rae1 Bf7 {0-1 (57) Eggleston,D (2390)-Stefansson,H (2514) Graz 2019}) 14. Qa4 {[%emt 0:03:30]} Qc7 {[%emt 0:05:30]} 15. Bd2 {[%emt 0:18:30]} Nb7 {[%emt 0:01:30]} 16. Rfe1 {[%emt 0:02:30]} Nc5 {[%emt 0:23:30]} 17. Qc2 {[%emt 0:00:30]} Bf5 {[%emt 0:00:30]} 18. Ne4 {[%emt 0:02:30]} Rad8 {[%emt 0:02:30]} (18... f6 $15) 19. Nxc5 {[%emt 0:09:30]} Bxc5 {[%emt 0:00:30]} 20. Rxe5 {[%emt 0:02:30]} Bxd3 {[%emt 0:01:30]} 21. Qc1 {[%emt 0:04:30]} (21. Qb3 $5 {[%cal Re5c5]} Qb6 22. Be3 Qxb3 23. axb3 $11) 21... Bd4 {[%emt 0:15:30]} 22. Ba5 {[%emt 0:06:30]} Qd7 {[%emt 0:02:30]} 23. Nxd4 {[%emt 0:00:30]} Qxd4 {[%emt 0:00:30]} 24. Rg5 {[%emt 0:02:30]} f6 {[%emt 0:03:30]} 25. Rg3 {[%emt 0:00:30]} Rd7 {[%emt 0:01:30]} 26. c5 {[%emt 0:03:30]} Bg6 {[%emt 0:07:40]} 27. Qc3 $11 {[%emt 0:03:30]} Qxc3 {[%emt 0:04:01]} 28. Rxc3 {[%emt 0:00:30]} Rb8 {[%emt 0:00:43]} 29. Rb3 {[%emt 0:00:30]} Rdb7 {[%emt 0:00:38]} 30. Rxb7 {[%emt 0:01:30]} 1/2-1/2

[Event "8th Ali Ipek Tournament 2020"]
[Site "Ankara"]
[Date "2020.03.08"]
[Round "6.6"]
[White "Ozalp, Burak"]
[Black "Genc, Arda"]
[Result "1-0"]
[WhiteElo "1967"]
[BlackElo "1734"]
[Annotator "TA"]
[PlyCount "76"]
[EventDate "2020.03.04"]
[EventType "swiss"]
[EventCountry "TUR"]
[SourceTitle "playchess.com"]
[Source "ChessBase"]
[SourceQuality "1"]

{[%evp 9,76,18,19,24,345,349,346,341,337,349,400,382,363,342,368,368,364,360,481,481,514,493,566,559,600,572,654,552,531,467,466,465,460,462,450,432,484,483,537,485,500,500,500,498,506,414,547,495,511,527,650,-5,35,0,571,-18,144,8,288,0,5235,0,296,8,7,-2035,-1956,-29984,520]} 1. e4 e5 2. Nf3 Nf6 3. Nxe5 d6 4. Nd3 Nxe4 5. Qe2 Qe7 6. Nc3 {[#] C42: Petroff Defence: 3 Nxe5 and unusual White 3rd moves.} Nc6 $146 {[%mdl 8192]} (6... Nxc3 $11 7. dxc3 Qxe2+ 8. Bxe2 Be7) ({Predecessor:} 6... Nf6 7. Nf4 c6 8. d4 Qxe2+ 9. Bxe2 d5 10. O-O Bd6 11. Bd3 O-O 12. Nfe2 Ne8 {1-0 (57) Harikrishna,P (2723)-Yu,Y (2751) Shenzhen 2019}) 7. Qxe4 $18 Nd4 8. Qxe7+ {White has a decisive advantage.} Bxe7 9. Kd1 b5 10. Ne2 Ne6 11. Ndf4 c5 12. Nxe6 fxe6 13. a4 Bb7 14. axb5 Rf8 15. f3 g5 16. d4 c4 17. Ng3 g4 18. Be2 gxf3 19. Bxf3 Rxf3 20. gxf3 Bxf3+ 21. Ke1 Bxh1 22. Nxh1 Bf6 23. c3 Kd7 {[#]} 24. b6 $1 a5 (24... axb6 25. Rxa8) 25. b7 Rb8 26. Rxa5 Rxb7 27. Ng3 e5 28. d5 Bh4 29. Ke2 Bxg3 {[%mdl 4096] Endgame KRB-KRB} 30. h4 $2 (30. hxg3 $18 Ke7 31. Kf3) 30... Ke7 31. Kf3 h5 $2 {[%mdl 8192]} (31... Bxh4 $11 {and Black has nothing to worry.} 32. Ra4 Rc7) 32. Ke4 $2 ({White should try} 32. Kxg3 $18 Kf6 33. Ra6) 32... Kf6 $2 {[#]} (32... Bxh4 $11 33. Ra4 Kf6 34. Rxc4 Rg7) 33. Ra6 (33. Bg5+ $1 $16 Kf7 34. Ra6) 33... Rd7 $2 {[%mdl 8192]} (33... Ke7 $11) 34. Rc6 $2 ({White has to play} 34. Bg5+ $18 Kg7 35. Rc6) 34... Rd8 $2 {[%mdl 8192]} (34... Bxh4 $11 35. Rxc4 Rg7) 35. Be3 $2 (35. Bg5+ $18 Kg7 36. Bxd8) 35... Rd7 $2 {[%mdl 8192]} (35... Bxh4 $11 {and Black is okay.} 36. Bb6 Rd7) 36. Bc5 $2 ({Weaker is} 36. Rxc4 Bxh4 37. Rc8 Bg5 $14) (36. Bg5+ $18 Kg6 37. Rxc4) 36... Ke7 $11 37. Rxd6 $2 {[%mdl 8192]} (37. Ba3 $11) 37... Rxd6 $19 38. Bxd6+ Kd7 $4 {[%mdl 8192] Accuracy: White = 41%, Black = 14%.} (38... Kxd6 {and all is fine.} 39. Kf3 Bxh4 40. Kg2 Kxd5 41. Kf1 Bd8 42. Kg2 e4 43. Kf2 h4 44. Kg2 e3 45. Kf3 h3 46. Kxe3 h2 47. b3 h1=Q 48. Kf4 Qg2 49. bxc4+ Ke6 50. Ke3 Ke5 51. Kd3 Bg5 52. c5 Qe4#) 1-0

[Event "8th Ali Ipek Tournament 2020"]
[Site "Ankara"]
[Date "2020.03.08"]
[Round "6.7"]
[White "Caberoglu, Arda"]
[Black "Ergani, Efe"]
[Result "1/2-1/2"]
[WhiteElo "1784"]
[BlackElo "1668"]
[Annotator "NA"]
[PlyCount "96"]
[EventDate "2020.03.04"]
[EventType "swiss"]
[EventCountry "TUR"]
[SourceTitle "playchess.com"]
[Source "ChessBase"]
[SourceQuality "1"]
[TimeControl "5400+30"]

1. d4 {[%emt 0:00:30]} Nf6 {[%emt 0:00:30]} 2. Bg5 {[%emt 0:00:30]} c5 {[%emt 0:03:30]} 3. d5 {[%emt 0:00:30]} e6 {[%emt 0:00:30]} 4. e4 {[%emt 0:02:30]} h6 {[%emt 0:03:30]} 5. Bxf6 {[%emt 0:02:30]} Qxf6 {[%emt 0:00:30]} 6. Nc3 {[%emt 0:00:30]} Na6 {[%emt 0:04:30]} 7. Bxa6 {[%emt 0:22:30]} bxa6 {[%emt 0:00:30]} 8. Nf3 {[%emt 0:00:30]} e5 {[%emt 0:11:30]} 9. O-O {[%emt 0:01:30]} d6 {[%emt 0:02:30]} 10. Nd2 {[%emt 0:01:30]} Be7 {[%emt 0:05:30]} 11. Nc4 {[%emt 0:08:30]} g5 {[%emt 0:06:30]} 12. Qh5 {[%emt 0:08:30]} O-O {[%emt 0:08:30]} 13. Qe2 {[%emt 0:05:30]} g4 {[%emt 0:04:30]} 14. f3 {[%emt 0:02:30]} Qg6 {[%emt 0:01:30]} 15. Ne3 {[%emt 0:04:30]} g3 {[%emt 0:02:30]} 16. hxg3 {[%emt 0:01:30]} Qxg3 {[%emt 0:00:30]} 17. Nf5 {[%emt 0:02:30]} Bxf5 {[%emt 0:06:30]} 18. exf5 {[%emt 0:00:30]} Rab8 {[%emt 0:01:30]} 19. b3 {[%emt 0:06:30]} c4 {[%emt 0:05:30]} 20. Ne4 {[%emt 0:07:10]} Qf4 {[%emt 0:01:30]} 21. Qd2 {[%emt 0:00:25]} Qxf5 {[%emt 0:01:30]} 22. Qxh6 {[%emt 0:01:42]} f6 {[%emt 0:03:30]} 23. g4 {[%emt 0:02:12]} Qh7 {[%emt 0:00:30]} 24. Qxh7+ {[%emt 0:03:11]} Kxh7 {[%emt 0:00:00]} 25. Ng3 {[%emt 0:00:42]} Rfc8 {[%emt 0:03:00]} 26. Nf5 {[%emt 0:00:37]} Bf8 {[%emt 0:00:30]} 27. Rf2 {[%emt 0:01:22]} Rc5 {[%emt 0:03:49]} 28. Rd2 {[%emt 0:02:11]} Rbb5 {[%emt 0:01:36]} 29. a4 {[%emt 0:07:22]} Rb4 {[%emt 0:00:35]} 30. bxc4 {[%emt 0:02:44]} Rcxc4 {[%emt 0:01:36]} 31. Kg2 {[%emt 0:00:59]} Rxa4 {[%emt 0:00:46]} 32. Rh1+ {[%emt 0:00:16]} Kg8 {[%emt 0:03:06]} 33. Kg3 {[%emt 0:00:19]} Rc7 {[%emt 0:08:30]} 34. Rdh2 {[%emt 0:01:30]} Bg7 {[%emt 0:00:52]} 35. Nxd6 {[%emt 0:00:25]} Rd4 {[%emt 0:01:39]} 36. Ne8 {[%emt 0:00:43]} Re7 {[%emt 0:00:50]} 37. Nxg7 {[%emt 0:00:36]} Rxg7 {[%emt 0:00:15]} 38. Rh8+ {[%emt 0:00:16]} Kf7 {[%emt 0:00:05]} 39. Rd8 {[%emt 0:00:19]} f5 {[%emt 0:02:26]} 40. Rb1 {[%emt 0:00:56]} Kg6 {[%emt 0:01:41]} 41. d6 {[%emt 0:00:30]} fxg4 {[%emt 0:00:46]} 42. fxg4 {[%emt 0:00:29]} Kf6 {[%emt 0:00:28]} 43. d7 {[%emt 0:00:33]} Rgxg4+ {[%emt 0:00:45]} 44. Kh3 {[%emt 0:00:27]} Rh4+ {[%emt 0:01:03]} 45. Kg3 {[%emt 0:00:04]} Ke7 {[%emt 0:00:07]} 46. Ra8 {[%emt 0:00:43]} Rhg4+ {[%emt 0:00:30]} 47. Kh3 {[%emt 0:00:00]} Rh4+ {[%emt 0:00:01]} 48. Kg3 {[%emt 0:00:24]} Rhg4+ {[%emt 0:00:06]} 1/2-1/2

[Event "8th Ali Ipek Tournament 2020"]
[Site "Ankara"]
[Date "2020.03.08"]
[Round "6.8"]
[White "Ceylan, Arda (Ali Riza)"]
[Black "Ozates, Mert"]
[Result "1/2-1/2"]
[WhiteElo "1637"]
[BlackElo "1810"]
[Annotator "NA"]
[PlyCount "60"]
[EventDate "2020.03.04"]
[EventType "swiss"]
[EventCountry "TUR"]
[SourceTitle "playchess.com"]
[Source "ChessBase"]
[SourceQuality "1"]
[TimeControl "5400+30"]

1. d4 {[%emt 0:00:30]} Nf6 {[%emt 0:00:30]} 2. Nf3 {[%emt 0:00:00]} d5 {[%emt 0:00:30]} 3. c4 {[%emt 0:00:00]} e6 {[%emt 0:00:00]} 4. cxd5 {[%emt 0:00:30]} Nxd5 {[%emt 0:00:00]} 5. Nc3 {[%emt 0:01:30]} Nxc3 {[%emt 0:00:30]} 6. bxc3 {[%emt 0:00:30]} c5 {[%emt 0:00:00]} 7. e3 {[%emt 0:04:30]} Be7 {[%emt 0:01:00]} 8. Bd3 {[%emt 0:01:30]} Nc6 {[%emt 0:01:30]} 9. O-O {[%emt 0:01:30]} O-O {[%emt 0:01:30]} 10. Rb1 {[%emt 0:04:30]} b6 {[%emt 0:04:30]} 11. Qa4 {[%emt 0:08:30]} Bb7 {[%emt 0:14:30]} 12. Ba3 {[%emt 0:04:30]} cxd4 {[%emt 0:02:30]} 13. cxd4 {[%emt 0:01:30]} Bxa3 {[%emt 0:10:30]} 14. Qxa3 {[%emt 0:00:30]} Na5 {[%emt 0:07:30]} 15. Nd2 {[%emt 0:09:30]} Qg5 $11 {[%emt 0:10:30]} 16. Ne4 {[%emt 0:06:30]} Qd5 {[%emt 0:02:30]} 17. Rb5 {[%emt 0:08:30]} Qd7 {[%emt 0:04:30]} 18. Rbb1 {[%emt 0:13:30]} Rfd8 {[%emt 0:12:30]} 19. Rfd1 {[%emt 0:05:30]} Rac8 {[%emt 0:09:29]} 20. Nc5 {[%emt 0:04:30]} bxc5 {[%emt 0:01:17]} 21. Qxa5 {[%emt 0:00:00]} cxd4 {[%emt 0:05:16]} 22. Qxa7 {[%emt 0:03:00]} Bd5 {[%emt 0:00:09]} 23. Qxd4 {[%emt 0:01:20]} Bxa2 {[%emt 0:00:18]} 24. Qxd7 {[%emt 0:12:45]} Rxd7 {[%emt 0:00:51]} 25. Ra1 {[%emt 0:00:37]} Bd5 {[%emt 0:01:59]} 26. Be4 {[%emt 0:01:15]} Kf8 {[%emt 0:01:29]} 27. Rd2 {[%emt 0:03:15]} Bc6 {[%emt 0:02:10]} 28. Rxd7 {[%emt 0:00:52]} Bxd7 {[%emt 0:00:04]} 29. Ra8 {[%emt 0:00:00]} Rxa8 {[%emt 0:00:54]} 30. Bxa8 {[%emt 0:00:00]} Ke7 {[%emt 0:00:50]} 1/2-1/2

[Event "8th Ali Ipek Tournament 2020"]
[Site "Ankara"]
[Date "2020.03.08"]
[Round "6.9"]
[White "Demirci, Murat"]
[Black "Kamisli, Yigit"]
[Result "1-0"]
[WhiteElo "1821"]
[BlackElo "1393"]
[Annotator "NA"]
[PlyCount "75"]
[EventDate "2020.03.04"]
[EventType "swiss"]
[EventCountry "TUR"]
[SourceTitle "playchess.com"]
[Source "ChessBase"]
[SourceQuality "1"]
[TimeControl "5400+30"]

1. Nf3 {[%emt 0:13:30]} Nf6 {[%emt 0:01:30]} 2. g3 {[%emt 0:00:30]} g6 {[%emt 0:00:30]} 3. Bg2 {[%emt 0:00:30]} Bg7 {[%emt 0:00:00]} 4. O-O {[%emt 0:00:30]} O-O {[%emt 0:00:00]} 5. c4 {[%emt 0:00:00]} d6 {[%emt 0:00:30]} 6. Nc3 {[%emt 0:00:00]} e5 {[%emt 0:02:30]} 7. d3 {[%emt 0:07:30]} Nbd7 {[%emt 0:03:30]} 8. e3 {[%emt 0:00:30] A24: English Opening vs King's Indian: Lines without ...Nc6.} Re8 {[%emt 0:04:30]} 9. e4 {[%emt 0:02:30] [#]} Nf8 $146 {[%emt 0:05:30]} ({Predecessor:} 9... c6 10. a3 Nf8 11. Kh1 h6 12. Ng1 Ne6 13. Nge2 Nc7 14. f4 exf4 15. Nxf4 Bg4 {½-½ (45) Kuzmichev,A (2118)-Siuniakov,I (2299) Kemerovo 2013}) 10. Rb1 {[%emt 0:02:30]} Nh5 {[%emt 0:06:30]} 11. b4 {[%emt 0:00:30]} f5 {[%emt 0:11:30]} 12. exf5 {[%emt 0:00:30]} Bxf5 {[%emt 0:04:30]} 13. Ng5 {[%emt 0:04:30]} Qc8 {[%emt 0:11:30]} 14. c5 {[%emt 0:06:30]} Be6 {[%emt 0:05:30]} 15. Qf3 {[%emt 0:14:30]} Rb8 {[%emt 0:07:30]} 16. cxd6 {[%emt 0:23:58]} cxd6 {[%emt 0:01:30]} 17. Nxe6 {[%emt 0:00:32]} Nxe6 {[%emt 0:04:30]} 18. Bd2 {[%emt 0:04:16]} Kh8 {[%emt 0:03:30]} 19. Ne4 {[%emt 0:03:08]} Qd7 {[%emt 0:02:30]} 20. Bh3 {[%emt 0:01:47]} Qe7 {[%emt 0:07:16]} 21. Be3 {[%emt 0:01:19]} b6 {[%emt 0:01:40]} 22. Qg4 {[%emt 0:03:24]} d5 {[%emt 0:04:41]} 23. Ng5 {[%emt 0:01:10]} Nxg5 {[%emt 0:00:47]} 24. Bxg5 {[%emt 0:00:19]} Bf6 {[%emt 0:00:43]} 25. Bd2 {[%emt 0:00:24]} Ng7 $11 {[%emt 0:01:00]} 26. Rfe1 {[%emt 0:01:47]} Qd6 {[%emt 0:04:03]} 27. Rbc1 {[%emt 0:01:39]} Nf5 {[%emt 0:01:12]} 28. Bc3 {[%emt 0:01:41]} Rbc8 {[%emt 0:03:14]} 29. Qf3 {[%emt 0:01:41]} Kg7 {[%emt 0:00:40]} 30. Bxf5 {[%emt 0:00:27]} Rf8 {[%emt 0:01:31]} 31. Bxc8 {[%emt 0:00:32]} Rxc8 {[%emt 0:00:30]} 32. Bxe5 {[%emt 0:01:22]} Qxe5 {[%emt 0:00:33]} 33. Rxe5 {[%emt 0:01:07]} Rxc1+ {[%emt 0:00:30]} 34. Kg2 {[%emt 0:00:30]} Bxe5 {[%emt 0:00:30]} 35. Qxd5 {[%emt 0:00:00]} Kf6 {[%emt 0:00:00]} 36. d4 {[%emt 0:00:17]} Bc7 {[%emt 0:00:18]} 37. h4 {[%emt 0:00:21]} b5 {[%emt 0:01:28]} 38. Qg5+ {[%emt 0:00:43]} 1-0

[Event "8th Ali Ipek Tournament 2020"]
[Site "Ankara"]
[Date "2020.03.08"]
[Round "6.10"]
[White "Ceneli, Mehmet Canay"]
[Black "Oktem, Ege Tuna"]
[Result "1/2-1/2"]
[WhiteElo "1431"]
[BlackElo "1546"]
[Annotator "NA"]
[PlyCount "130"]
[EventDate "2020.03.04"]
[EventType "swiss"]
[EventCountry "TUR"]
[SourceTitle "playchess.com"]
[Source "ChessBase"]
[SourceQuality "1"]
[TimeControl "5400+30"]

1. d4 {[%emt 0:00:30]} d5 {[%emt 0:00:30]} 2. c4 {[%emt 0:00:30]} dxc4 {[%emt 0:00:30]} 3. Nc3 {[%emt 0:00:30]} c5 {[%emt 0:01:30]} 4. e3 {[%emt 0:00:30]} cxd4 {[%emt 0:00:30]} 5. exd4 {[%emt 0:00:30]} e6 {[%emt 0:00:00]} 6. Bxc4 {[%emt 0:00:30]} Nf6 {[%emt 0:00:00]} 7. Nf3 {[%emt 0:01:30]} Nc6 {[%emt 0:00:30]} 8. O-O {[%emt 0:02:30]} Be7 {[%emt 0:00:30]} 9. Bf4 {[%emt 0:01:30]} O-O {[%emt 0:00:30]} 10. Rc1 {[%emt 0:03:30]} a6 {[%emt 0:02:30]} 11. a4 {[%emt 0:00:30]} Nb4 {[%emt 0:01:30]} 12. Qb3 {[%emt 0:09:30]} b6 {[%emt 0:02:30]} 13. Rfd1 {[%emt 0:04:30]} Bb7 {[%emt 0:02:30]} 14. Ne5 {[%emt 0:00:30]} Nbd5 {[%emt 0:02:30]} 15. Bg5 {[%emt 0:01:30]} Nxc3 {[%emt 0:01:30]} 16. bxc3 {[%emt 0:02:30]} Nd5 {[%emt 0:03:30]} 17. Bd2 {[%emt 0:01:30]} Bg5 {[%emt 0:00:30]} 18. Bxd5 {[%emt 0:06:30]} Bxd5 {[%emt 0:00:30]} 19. c4 {[%emt 0:00:00]} Bxd2 {[%emt 0:01:30]} 20. Rc2 {[%emt 0:01:00]} Bxg2 {[%emt 0:03:30]} 21. Rcxd2 {[%emt 0:01:30]} Bb7 {[%emt 0:00:30]} 22. Rd3 {[%emt 0:02:30]} Rc8 {[%emt 0:04:30]} 23. a5 {[%emt 0:02:30]} b5 {[%emt 0:00:30]} 24. cxb5 {[%emt 0:00:30]} Bd5 {[%emt 0:01:30]} 25. Qb4 {[%emt 0:00:30]} Rc1 {[%emt 0:04:30]} 26. Qd2 {[%emt 0:03:30]} Rxd1+ {[%emt 0:00:30]} 27. Qxd1 {[%emt 0:00:30]} Qxa5 {[%emt 0:00:30]} 28. bxa6 {[%emt 0:00:30]} Qxa6 {[%emt 0:00:30]} 29. Rg3 {[%emt 0:00:30]} Ra8 {[%emt 0:00:30]} 30. Rc3 {[%emt 0:03:30]} h6 {[%emt 0:04:30]} 31. Rc1 {[%emt 0:01:30]} Qa4 {[%emt 0:01:30]} 32. Qh5 {[%emt 0:04:30]} Qe8 {[%emt 0:01:30]} 33. Ng4 {[%emt 0:01:30]} f5 {[%emt 0:05:30]} 34. Qxe8+ {[%emt 0:00:30]} Rxe8 {[%emt 0:00:00]} 35. Ne3 {[%emt 0:00:30]} Rd8 {[%emt 0:00:00]} 36. Nxd5 {[%emt 0:01:30]} Rxd5 {[%emt 0:00:30]} 37. Rc4 {[%emt 0:00:00]} Kf7 {[%emt 0:00:30]} 38. h4 {[%emt 0:00:00]} Kf6 {[%emt 0:00:00]} 39. f4 {[%emt 0:00:30]} g5 {[%emt 0:00:00]} 40. hxg5+ {[%emt 0:00:30]} hxg5 {[%emt 0:00:00]} 41. fxg5+ {[%emt 0:00:30]} Kxg5 {[%emt 0:00:00]} 42. Rc6 {[%emt 0:00:00]} Kf6 {[%emt 0:01:30]} 43. Rc4 {[%emt 0:00:00]} Kg5 {[%emt 0:03:30]} 44. Rc6 {[%emt 0:00:00]} Rxd4 {[%emt 0:00:00]} 45. Rxe6 {[%emt 0:00:00]} Kf4 {[%emt 0:00:00]} 46. Re2 {[%emt 0:04:30]} Rd3 {[%emt 0:00:30]} 47. Rf2+ {[%emt 0:01:30]} Rf3 {[%emt 0:00:30]} 48. Re2 {[%emt 0:00:00]} Re3 {[%emt 0:01:30]} 49. Rb2 {[%emt 0:03:00]} Kg4 {[%emt 0:00:30]} 50. Kf2 {[%emt 0:00:30]} f4 {[%emt 0:01:30]} 51. Rb8 {[%emt 0:00:30]} Rf3+ {[%emt 0:00:30]} 52. Kg2 {[%emt 0:00:30]} Rg3+ {[%emt 0:00:30]} 53. Kf2 {[%emt 0:00:30]} Rf3+ {[%emt 0:02:30]} 54. Kg2 {[%emt 0:00:30]} Re3 {[%emt 0:00:30]} 55. Kf2 {[%emt 0:02:30]} Re5 {[%emt 0:01:30]} 56. Rg8+ {[%emt 0:02:30]} Kf5 {[%emt 0:00:30]} 57. Kf3 {[%emt 0:00:30]} Re3+ {[%emt 0:00:30]} 58. Kf2 {[%emt 0:00:30]} Re6 {[%emt 0:01:30]} 59. Kf3 {[%emt 0:00:00]} Rf6 {[%emt 0:00:30]} 60. Rb8 {[%emt 0:01:00]} Kg5 {[%emt 0:01:30]} 61. Rg8+ {[%emt 0:00:30]} Kf5 {[%emt 0:01:30]} 62. Rb8 {[%emt 0:00:00]} Rc6 {[%emt 0:00:00]} 63. Rb5+ {[%emt 0:00:00]} Kf6 {[%emt 0:01:00]} 64. Kxf4 {[%emt 0:00:30]} Rc4+ {[%emt 0:00:00]} 65. Ke3 {[%emt 0:00:30]} Rc3+ {[%emt 0:00:00]} 1/2-1/2

[Event "8th Ali Ipek Tournament 2020"]
[Site "Ankara"]
[Date "2020.03.08"]
[Round "6.12"]
[White "Arici, Abdulvahap"]
[Black "Yenice, Yusuf Erkan"]
[Result "1-0"]
[WhiteElo "1346"]
[BlackElo "1514"]
[Annotator "NA"]
[PlyCount "67"]
[EventDate "2020.03.04"]
[EventType "swiss"]
[EventCountry "TUR"]
[SourceTitle "playchess.com"]
[Source "ChessBase"]
[SourceQuality "1"]
[TimeControl "5400+30"]

1. e4 {[%emt 0:00:30]} c5 {[%emt 0:21:30]} 2. Nf3 {[%emt 0:00:00]} e6 {[%emt 0:00:00]} 3. c3 {[%emt 0:00:00]} Nf6 {[%emt 0:03:00]} 4. e5 {[%emt 0:00:30]} Nd5 {[%emt 0:00:00]} 5. Bc4 {[%emt 0:00:30]} Nb6 {[%emt 0:04:00]} 6. Bb3 {[%emt 0:00:00]} c4 {[%emt 0:01:30]} 7. Bc2 {[%emt 0:00:00]} d5 {[%emt 0:01:30]} 8. exd6 {[%emt 0:00:30]} Bxd6 {[%emt 0:02:30]} 9. d4 {[%emt 0:00:30]} cxd3 {[%emt 0:01:30]} 10. Qxd3 {[%emt 0:00:30]} Nc6 {[%emt 0:02:30]} 11. O-O {[%emt 0:00:30]} Be7 {[%emt 0:06:30]} 12. Qe4 {[%emt 0:02:30]} Nd5 {[%emt 0:08:30]} 13. Rd1 {[%emt 0:06:30]} Qb6 {[%emt 0:03:30]} 14. Bb3 {[%emt 0:12:30]} Nf6 {[%emt 0:01:30]} 15. Qe2 {[%emt 0:03:30]} O-O {[%emt 0:02:30]} 16. Bg5 {[%emt 0:04:30]} a5 {[%emt 0:04:30]} 17. Bc4 {[%emt 0:01:30]} Qc7 {[%emt 0:05:30]} 18. Bxf6 {[%emt 0:05:30]} Bxf6 {[%emt 0:00:30]} 19. Na3 {[%emt 0:00:30]} Ne5 {[%emt 0:05:30]} 20. Nxe5 {[%emt 0:01:30]} Qxe5 {[%emt 0:02:30]} 21. Qxe5 {[%emt 0:00:30]} Bxe5 {[%emt 0:00:00]} 22. Rd3 {[%emt 0:00:00]} b6 {[%emt 0:04:00]} 23. Bb5 {[%emt 0:00:00]} Ba6 {[%emt 0:04:05]} 24. Bxa6 {[%emt 0:01:30]} Rxa6 {[%emt 0:00:30]} 25. Nc4 {[%emt 0:00:30]} Bb8 {[%emt 0:00:14]} 26. Rad1 {[%emt 0:00:30]} b5 {[%emt 0:01:00]} 27. Nd6 {[%emt 0:01:30]} Rb6 {[%emt 0:01:32]} 28. Ne4 {[%emt 0:01:30]} Rc6 {[%emt 0:02:24]} 29. a3 {[%emt 0:01:30]} f5 {[%emt 0:01:05]} 30. Nd2 {[%emt 0:01:30]} a4 {[%emt 0:02:30]} 31. Nf1 {[%emt 0:01:30]} Rfc8 {[%emt 0:03:24]} 32. Rd7 {[%emt 0:00:30]} Bc7 {[%emt 0:00:43]} 33. Re7 {[%emt 0:01:30]} Rd8 {[%emt 0:01:09]} 34. Rxc7 {[%emt 0:00:30]} 1-0